Declaración de la ANEP sobre el proyecto de economía laboral
Gardado en:
| Autor Corporativo: | |
|---|---|
| Formato: | Texto |
| Publicado: |
Heredia:
MTSS. CEDAL
|
| Etiquetas: |
Engadir etiqueta
Sen Etiquetas, Sexa o primeiro en etiquetar este rexistro!
|
MARC
| LEADER | 00000 a a2200000 04500 | ||
|---|---|---|---|
| 001 | 16759 | ||
| 003 | |||
| 040 | |||
| 090 | |a 004700 | ||
| 110 | |a Asociación Nacional de Empleados Públicos y Privados (Costa Rica) | ||
| 245 | |a Declaración de la ANEP sobre el proyecto de economía laboral | ||
| 260 | |a Heredia: |b MTSS. CEDAL | ||
| 300 | |a 3 p. | ||
| 999 | |c 16075 |d 16075 | ||
